000
00365nam a22001337a 4500
020
_a
9787508534251
082
_a
363.32516
_b
WED
100
_a
Li, Wei,
245
_a
China and international anti-terrorism
_c
Li, Wei,
260
_a
China
_b
Intercontinental press
_c
2019
300
_a
268p
942
_2
ddc
_c
BK
999
_c
587894
_d
587894